| 000 | 00443nam a22001697a 4500 | ||
|---|---|---|---|
| 005 | 20260312170633.0 | ||
| 008 | 260312b |||||||| |||| 00| 0 eng d | ||
| 037 | _cDSWL | ||
| 040 |
_aDSWL _cDSWL |
||
| 041 | _heng | ||
| 100 |
_aPattanaik, Devdutt _91131894 |
||
| 245 | _aShikhandi | ||
| 260 |
_aNew Delhi, _bZubaan Publication, _c2014 |
||
| 300 | _a179p | ||
| 942 |
_2CC _cTEXL _n0 |
||
| 999 |
_c1715272 _d1715272 |
||